000 01193nam a2200289 a 4500
001 1383
003 BR-CuiBMT
005 20231206193010.0
008 231107s2016 spb 001 0 por d
020 _a97885432098837
040 _aBR-CuiBMT
_cBR-CuiBMT
080 _a347.91/.95
_x(81)
_22007
090 _a347.91/.95(81)
_bH835c
100 1 0 _aHouck Filho, Geraldo
245 1 0 _aCódigo civil, Código de processo civil, Constituição Federal :
_bdecreto-Lei nº 4.657, de 4 de setembro de 1942 : lei de introdução às normas do direito brasileiro /
_cGeraldo Houck Filho.
250 _a[1. ed.]
260 _aSão Paulo :
_bOn Line,
_c2016.
300 _a431 p. ;
_c21 cm
490 1 _aBiblioteca jurídica ;
_v4
500 _aCódigo civil (Lei nº 10.406, de 10/01/2002). Código de processo civil (Lei nº 13.105, de 16.03.2015). Constituição Federal (atualizada, incluindo a edição da emenda constitucional nº 91/2016).
500 _aEdição atualizada até 22 de março de 2016.
650 _aCódigo processo civil
_zBrasil
650 _aCódigo civil
_zBrasil
650 _aConstituição Federal
_zBrasil
830 _aBiblioteca jurídica ;
_v4
942 _2udc
_cLV
999 _c1383
_d1383